00410nam a2200157Ia 4500001000500000005001700005008004100022041000800063082001700071100003200088245007900120260000900199300002800208650000800236654000800244438120260306145751.0260306t2014||||xx |||||||||||||| ||spa|| aESP a320.985bT33 aTejada Galindo, SergioeAUT 0aLa nación por-venir:bel bicentenario y lo nacional-popular en el Perú c2014 a254 páginas :c20 cm. aGEN aCDE